[Event "OLSW 2324 SK Landau - Turm Illingen"]
[Site "?"]
[Date "2023.11.19"]
[Round "3.7"]
[White "Kuhn, Patrick"]
[Black "Hornberger-Wissing, Rainer"]
[Result "1-0"]
[WhiteElo "2099"]
[BlackElo "2020"]
[PlyCount "67"]
[EventDate "2023.??.??"]

1. d4 Nf6 2. c4 g6 3. Nc3 d5 4. Nf3 Bg7 5. Qb3 dxc4 6. Qxc4 O-O 7. e4 Na6 8. Be2 c5 9. dxc5 Qa5 10. O-O Qxc5 11. Be3 Qxc4 12. Bxc4 b6 13. e5 Ng4 14. Bg5 Nxe5 15. Bd5 Rb8 16. Bxe7 Re8 17. Bd6 Nd3 18. Bxb8 Nxb8 19. Ng5 Re5 20. Rad1 Rxg5 21. Rxd3 Ba6 22. Rf3 Bxf1 23. Bxf7+ Kh8 24. Kxf1 Nc6 25. Rd3 Rc5 26. Rd5 Rxd5 27. Bxd5 Nb4 28. Bc4 Be5 29. h3 Kg7 30. Ke2 h6 31. Ke3 Kf6 32. Ke4 Bh2 33. g3 Nc6 34. Bb3 1-0

[Event "OLSW 2324 SK Landau - Turm Illingen"]
[Site "?"]
[Date "2023.11.19"]
[Round "3.8"]
[White "Hirschinger, Thomas"]
[Black "Windmueller, Simon"]
[Result "1/2-1/2"]
[WhiteElo "1970"]
[BlackElo "2015"]
[PlyCount "49"]
[EventDate "2023.??.??"]

1. d4 d5 2. g3 Bf5 3. Bg2 c6 4. Nf3 e6 5. O-O Nf6 6. c4 Nbd7 7. Nc3 h6 8. b3 Be7 9. Bb2 O-O 10. Nd2 Qb6 11. Na4 Qa6 12. Re1 Bb4 13. Nc3 Qa5 14. Qc1 Rfd8 15. a3 Be7 16. b4 Qa6 17. Bf1 Qb6 18. e3 Rac8 19. f4 Qc7 20. Nf3 a5 21. c5 b6 22. Ne5 bxc5 23. bxc5 Nxe5 24. fxe5 Ne4 25. Nxe4 1/2-1/2

[Event "OLSW 2324 SG Kaiserslautern - SG Speyer-"]
[Site "?"]
[Date "2023.11.19"]
[Round "3.1"]
[White "Decuigniere, Tom"]
[Black "Bruch, Ingo"]
[Result "1-0"]
[WhiteElo "2408"]
[BlackElo "2272"]
[PlyCount "149"]
[EventDate "2023.??.??"]

1. d4 d5 2. c4 e6 3. Nc3 Be7 4. Nf3 Nf6 5. g3 O-O 6. Bg2 c6 7. O-O Nbd7 8. Qd3 b6 9. e4 Ba6 10. b3 dxc4 11. bxc4 e5 12. Rd1 exd4 13. Nxd4 Ne5 14. Qc2 Qe8 15. Bf4 Nfd7 16. Bh3 Bf6 17. Nxc6 Nf3+ 18. Kg2 Nc5 19. Nd5 Qxc6 20. Kxf3 Rfe8 21. Nb4 Qb7 22. Nxa6 Nxe4 23. Rd5 Bxa1 24. Nc7 Nf6 25. Qa4 Red8 26. Ke2 Nxd5 27. cxd5 g5 28. Qc6 Qxc6 29. dxc6 gxf4 30. Nxa8 fxg3 31. hxg3 Be5 32. c7 Bxc7 33. Nxc7 Rd4 34. Nb5 Rb4 35. Nxa7 Rb2+ 36. Ke3 Rxa2 37. Nb5 Rb2 38. Bf1 Kf8 39. Bd3 h5 40. Be2 Rb3+ 41. Ke4 Rb2 42. Nd4 Ra2 43. f4 Ra3 44. Nf5 Ra4+ 45. Ke5 Ra5+ 46. Kf6 b5 47. Nd4 Ra6+ 48. Kf5 Ra3 49. Nxb5 Rxg3 50. Bxh5 Kg7 51. Nd6 Rh3 52. Kg5 f6+ 53. Kg4 Rh1 54. Ne8+ Kh6 55. Nxf6 Ra1 56. Be8 Ra5 57. Ne4 Kg7 58. Bd7 Ra7 59. Be6 Ra4 60. Kf5 Ra1 61. Kg5 Rg1+ 62. Bg4 Re1 63. Nd6 Ra1 64. f5 Ra5 65. Bh5 Ra6 66. f6+ Kf8 67. Nc4 Ra1 68. Ne5 Ra7 69. Kf5 Kg8 70. Ke6 Kh7 71. Nd7 Ra8 72. Ke7 Rh8 73. Ne5 Rb8 74. Be8 Rb1 75. Bg6+ 1-0

[Event "OLSW 2324 SG Kaiserslautern - SG Speyer-"]
[Site "?"]
[Date "2023.11.19"]
[Round "3.2"]
[White "Weller, Manuel"]
[Black "Boguslawski, Oleg"]
[Result "1-0"]
[WhiteElo "2242"]
[BlackElo "2381"]
[PlyCount "63"]
[EventDate "2023.??.??"]

1. Nf3 Nf6 2. c4 e6 3. g3 d5 4. Bg2 Be7 5. O-O O-O 6. b3 c5 7. Bb2 Nc6 8. e3 b6 9. Nc3 Bb7 10. cxd5 exd5 11. d4 Re8 12. Ne5 Bf8 13. Nxd5 Nxd5 14. Nxf7 Qd7 15. dxc5 Qxf7 16. Bxd5 Re6 17. cxb6 Rd8 18. Bxe6 Qxe6 19. Qe2 Nb4 20. Rfd1 Qh3 21. f3 Re8 22. e4 axb6 23. Rac1 Qh5 24. g4 Qg5 25. Qc4+ Kh8 26. Qf7 Qe3+ 27. Kg2 Qe2+ 28. Kg3 Qxb2 29. Qxe8 Qf6 30. Rd8 Kg8 31. Rc7 Ba6 32. e5 1-0

[Event "OLSW 2324 SG Kaiserslautern - SG Speyer-"]
[Site "?"]
[Date "2023.11.19"]
[Round "3.3"]
[White "Kovacs, Gabor"]
[Black "Yakovenko, Oleg"]
[Result "1-0"]
[WhiteElo "2403"]
[BlackElo "2270"]
[PlyCount "173"]
[EventDate "2023.??.??"]

1. d4 Nf6 2. c4 e6 3. Nc3 Bb4 4. Bd2 O-O 5. e3 d5 6. Rc1 b6 7. cxd5 exd5 8. Nf3 Bb7 9. Nb5 Bxd2+ 10. Nxd2 c6 11. Nc3 c5 12. Nf3 Nbd7 13. Be2 Qe7 14. O-O Rfd8 15. Qa4 a6 16. dxc5 bxc5 17. Rfd1 Nf8 18. Qa3 Ne6 19. Na4 Nd7 20. Ne1 d4 21. Bf3 Bxf3 22. Nxf3 Qf6 23. exd4 Nxd4 24. Nxd4 cxd4 25. h3 g6 26. Qg3 Nf8 27. Nc5 Ne6 28. Nd3 Qf5 29. Qe5 Rd5 30. Qxf5 Rxf5 31. Rc2 Rb5 32. Kf1 Kf8 33. Rdc1 h5 34. h4 Rab8 35. Ke2 Ke7 36. g3 a5 37. Rc4 R8b7 38. Kd2 Rb8 39. Rc6 R8b6 40. Rc8 Rb8 41. b3 Rxc8 42. Rxc8 Kd7 43. Rc1 f6 44. Ke2 Rf5 45. Ne1 g5 46. Nf3 g4 47. Ne1 Rb5 48. Nd3 f5 49. Rc4 Ke7 50. Kd2 Rd5 51. Rc6 Rb5 52. Ra6 f4 53. gxf4 Ng7 54. Rh6 Ne6 55. Rh7+ Kf6 56. Ra7 Kf5 57. a4 Rxb3 58. Rxa5+ Kf6 59. Ra6 Rc3 60. Rb6 Kf5 61. Rb5+ Kf6 62. a5 Ra3 63. Rxh5 Ra2+ 64. Kd1 Ra3 65. Kc2 Ra2+ 66. Kb3 Rd2 67. Kc4 Rc2+ 68. Kb4 Rd2 69. a6 Nc7 70. Kc4 Ra2 71. Nc5 Kg6 72. Rg5+ Kf6 73. h5 Nxa6 74. Ne4+ Kf7 75. h6 Rc2+ 76. Kxd4 Nc7 77. h7 Ne6+ 78. Ke5 Nxg5 79. h8=Q Nxe4 80. Qh7+ Ke8 81. Kxe4 Re2+ 82. Kf5 Rxf2 83. Qh8+ Kf7 84. Qf6+ Ke8 85. Qe5+ Kf7 86. Qc7+ Ke8 87. Kf6 1-0

[Event "OLSW 2324 SG Kaiserslautern - SG Speyer-"]
[Site "?"]
[Date "2023.11.19"]
[Round "3.4"]
[White "Albert, Marco"]
[Black "Philippe, Christophe"]
[Result "0-1"]
[WhiteElo "2178"]
[BlackElo "2319"]
[PlyCount "66"]
[EventDate "2023.??.??"]

1. d4 Nf6 2. c4 e6 3. g3 c5 4. d5 exd5 5. cxd5 d6 6. Nc3 g6 7. Bg2 Bg7 8. Nf3 O-O 9. O-O Re8 10. Re1 a6 11. a4 Nbd7 12. Bf4 Qc7 13. h3 Nh5 14. Bg5 Ne5 15. e4 h6 16. Bc1 Kh7 17. Nh4 c4 18. g4 Nf6 19. Be3 Nd3 20. Re2 Nd7 21. Qc2 N7c5 22. Nf3 Bd7 23. Ne1 b5 24. Bxc5 Nxc5 25. f4 Nb3 26. Rd1 b4 27. e5 bxc3 28. f5 Rxe5 29. fxg6+ fxg6 30. Be4 Qc5+ 31. Rf2 Rxe4 32. Qxe4 Rf8 33. Nf3 Nd2 0-1

[Event "OLSW 2324 SG Kaiserslautern - SG Speyer-"]
[Site "?"]
[Date "2023.11.19"]
[Round "3.5"]
[White "Commercon, Simon"]
[Black "Sievers, Andy"]
[Result "1-0"]
[WhiteElo "2192"]
[BlackElo "2110"]
[PlyCount "77"]
[EventDate "2023.??.??"]

1. d4 Nf6 2. Nf3 g6 3. g3 Bg7 4. Bg2 O-O 5. O-O d5 6. c4 c6 7. b3 dxc4 8. bxc4 c5 9. Bb2 cxd4 10. Nxd4 Qb6 11. Qc1 Na6 12. Nd2 Nd7 13. N4b3 Bxb2 14. Qxb2 Ndc5 15. Qa3 Bg4 16. Nf3 Rfd8 17. Rab1 Nxb3 18. Rxb3 Qc7 19. Rb5 Rab8 20. Rc1 f6 21. e3 Bd7 22. Nd4 Re8 23. Ra5 Rbc8 24. Rb1 Rb8 25. Bf1 e5 26. Nb5 Qc6 27. Nxa7 Qe4 28. Rc1 Bg4 29. Nb5 Red8 30. Nc3 Qf5 31. Nd5 Qe6 32. Rb5 Rd6 33. e4 g5 34. Rcb1 Bh5 35. Rb6 Rbd8 36. Rxd6 Qxd6 37. Qe3 Rf8 38. Rb6 Qd8 39. Nxf6+ 1-0

[Event "OLSW 2324 SG Kaiserslautern - SG Speyer-"]
[Site "?"]
[Date "2023.11.19"]
[Round "3.6"]
[White "Lauer, Marius"]
[Black "Flierl, Pascal"]
[Result "1-0"]
[WhiteElo "2113"]
[BlackElo "2183"]
[PlyCount "87"]
[EventDate "2023.??.??"]

1. c4 c6 2. g3 d5 3. Nf3 Nf6 4. Bg2 e6 5. b3 Be7 6. Bb2 O-O 7. O-O b6 8. d3 Bb7 9. Nbd2 c5 10. cxd5 exd5 11. d4 Nbd7 12. Rc1 Re8 13. e3 Bd6 14. Nh4 Bf8 15. Nb1 Rc8 16. Qd3 c4 17. Qc2 b5 18. bxc4 bxc4 19. Ba3 Bxa3 20. Nxa3 Bc6 21. Nf5 Nb6 22. Qd2 g6 23. Nh4 Qe7 24. Qa5 Na4 25. Nxc4 dxc4 26. Bxc6 Nb6 27. Bxe8 Rxe8 28. Qc5 Qe6 29. a4 Rc8 30. Qe5 Nxa4 31. Qxe6 fxe6 32. Rc2 Nb6 33. Nf3 Nfd5 34. Rb1 a5 35. Ne5 Nb4 36. Rc3 N4d5 37. Rc2 Nb4 38. Rc3 N4d5 39. Ra3 c3 40. Rxa5 Nc4 41. Nxc4 Rxc4 42. Rc5 Rxc5 43. dxc5 Kf7 44. Rc1 1-0

[Event "OLSW 2324 SG Kaiserslautern - SG Speyer-"]
[Site "?"]
[Date "2023.11.19"]
[Round "3.7"]
[White "Schreck, Michael"]
[Black "Roelle, Philipp"]
[Result "0-1"]
[WhiteElo "1775"]
[BlackElo "2107"]
[PlyCount "69"]
[EventDate "2023.??.??"]

1. c4 e5 2. Nc3 Nf6 3. Nf3 d6 4. d4 Nbd7 5. g3 g6 6. Bg2 Bg7 7. O-O O-O 8. e3 Re8 9. b3 c6 10. Bb2 Qc7 11. Qd2 b6 12. d5 c5 13. e4 a6 14. a4 Rb8 15. Ne1 Qd8 16. Nd3 Nh5 17. g4 Nf4 18. Ne2 Nxe2+ 19. Qxe2 b5 20. a5 Qh4 21. f3 f5 22. Qf2 Qxf2+ 23. Rxf2 fxe4 24. fxe4 Bh6 25. Bc1 Bxc1 26. Rxc1 bxc4 27. bxc4 Rb3 28. Rf3 Rf8 29. Rcf1 Rxf3 30. Rxf3 Ra3 31. Nxe5 Ra1+ 32. Bf1 Nxe5 33. Rf6 Nf7 34. e5 Kg7 35. h3 0-1

[Event "OLSW 2324 SG Kaiserslautern - SG Speyer-"]
[Site "?"]
[Date "2023.11.19"]
[Round "3.8"]
[White "Yakovenko, Denis"]
[Black "Wenzl, Luis"]
[Result "0-1"]
[WhiteElo "1969"]
[BlackElo "1556"]
[PlyCount "86"]
[EventDate "2023.??.??"]

1. d4 d5 2. Nf3 Nf6 3. c4 e6 4. Nc3 Be7 5. Bf4 Nbd7 6. e3 O-O 7. Bd3 dxc4 8. Bxc4 c5 9. O-O a6 10. a4 b6 11. Qe2 Bb7 12. Rfd1 Qc8 13. Rac1 Nh5 14. Bg3 Nxg3 15. hxg3 Rd8 16. d5 exd5 17. Bxd5 Nf6 18. Bxf7+ Kxf7 19. Qc4+ Kf8 20. Ne5 Rxd1+ 21. Rxd1 Qe8 22. g4 Bd6 23. Rxd6 Qxe5 24. Rxb6 Qc7 25. a5 Rd8 26. g5 Nd5 27. Nxd5 Bxd5 28. Qe2 Bc4 29. Qf3+ Kg8 30. g3 Qf7 31. Qxf7+ Kxf7 32. Rc6 Rd1+ 33. Kh2 Rh1+ 34. Kxh1 Bd5+ 35. Kg1 Bxc6 36. Kf1 Kg6 37. f4 Kf5 38. Ke2 Ke4 39. Kf2 g6 40. g4 Bb5 41. Kg3 Bd7 42. Kh4 Kxe3 43. f5 gxf5 0-1

[Event "OLSW 2324 SC Caissa Schwarzenbach - SK F"]
[Site "?"]
[Date "2023.11.19"]
[Round "3.1"]
[White "Syrov, Arkadi"]
[Black "Chassard, Cedric"]
[Result "0-1"]
[WhiteElo "2219"]
[BlackElo "2297"]
[PlyCount "208"]
[EventDate "2023.??.??"]

1. e4 e5 2. Nf3 Nc6 3. Bb5 a6 4. Ba4 Nf6 5. O-O b5 6. Bb3 Bc5 7. a4 Rb8 8. c3 d6 9. d4 Bb6 10. h3 O-O 11. Na3 Bb7 12. Re1 h6 13. axb5 axb5 14. Nxb5 exd4 15. cxd4 Re8 16. Nc3 Nb4 17. d5 c6 18. dxc6 Bxc6 19. Nd5 Bc5 20. Be3 Nxe4 21. Bc4 Nxd5 22. Bxd5 Bxd5 23. Qxd5 Nf6 24. Qd3 Bxe3 25. Rxe3 Rxb2 26. Rxe8+ Qxe8 27. Qxd6 Rxf2 28. Qd4 Re2 29. Rd1 Kh7 30. Rd2 Rxd2 31. Qxd2 Qe4 32. Kf2 Qc4 33. Qd4 Qc2+ 34. Kg1 Ne4 35. Kh2 Qc7+ 36. Qe5 Qxe5+ 37. Nxe5 f6 38. Nf3 f5 39. g3 Kg6 40. Kg2 Kf6 41. h4 Ke6 42. Nd4+ Ke5 43. Nc6+ Kd6 44. Nd4 g6 45. Kf3 Kd5 46. Ne2 Ke5 47. Nf4 g5 48. hxg5 hxg5 49. Ne2 Nd2+ 50. Ke3 Nc4+ 51. Kd3 Nd6 52. Ke3 Nb5 53. Kd3 Nd6 54. Ke3 Ne4 55. Kf3 Nf6 56. Nc3 g4+ 57. Kg2 Ne4 58. Ne2 Nd6 59. Kf2 Ke4 60. Nf4 Kd4 61. Ke2 Ne4 62. Nh5 Nc3+ 63. Kf2 Nd5 64. Ke2 Ke4 65. Kf2 Ke5 66. Ke2 Kd4 67. Ng7 Nc3+ 68. Kf2 Ke4 69. Nh5 Ke5 70. Ng7 Ne4+ 71. Kg2 Nd6 72. Kf2 Ke4 73. Ne6 Kd3 74. Nc5+ Kd4 75. Ne6+ Ke5 76. Ng7 Nc4 77. Ke2 Ke4 78. Ne8 Ke5 79. Ng7 Nd6 80. Kf2 Ne4+ 81. Kg2 Nf6 82. Kf2 Ke4 83. Ne6 Kd3 84. Nc5+ Kc4 85. Ne6 Ne4+ 86. Kg2 Kd3 87. Ng7 Nd6 88. Kf2 Kd2 89. Nh5 Ne4+ 90. Kg2 Ke3 91. Ng7 Nd6 92. Nh5 Nc4 93. Ng7 Ke2 94. Ne6 Ne3+ 95. Kg1 Kf3 96. Ng7 Kxg3 97. Nh5+ Kf3 98. Kh2 Kf2 99. Nf4 g3+ 100. Kh3 g2 101. Kh4 g1=Q 102. Nh3+ Kg2 103. Nxg1 Kxg1 104. Kg3 Nd5 0-1

[Event "OLSW 2324 SC Caissa Schwarzenbach - SK F"]
[Site "?"]
[Date "2023.11.19"]
[Round "3.2"]
[White "Jeschke, Jan"]
[Black "Huseynov, Ahad"]
[Result "0-1"]
[WhiteElo "2147"]
[BlackElo "2078"]
[PlyCount "94"]
[EventDate "2023.??.??"]

1. e4 e5 2. Nf3 Nc6 3. d4 exd4 4. Nxd4 Nf6 5. Nc3 Bb4 6. Nxc6 bxc6 7. Bd3 d5 8. exd5 O-O 9. O-O cxd5 10. Bg5 c6 11. Na4 h6 12. Bh4 Be6 13. c3 Be7 14. Bc2 Ne4 15. Bxe7 Qxe7 16. b4 Nd6 17. Qd4 Rfe8 18. Rfe1 Qf6 19. Qxf6 gxf6 20. Nc5 Nb5 21. Ba4 a5 22. Bxb5 cxb5 23. a3 Kf8 24. f3 Ke7 25. Kf2 a4 26. Rad1 Kd6 27. Rd4 Rg8 28. Rh4 Rg6 29. Nd3 Rc8 30. Rc1 Rh8 31. g3 Rg5 32. Ke3 Bf5 33. Nf4 Bg6 34. Kd2 Re5 35. Ne2 Rhe8 36. Nd4 Re3 37. Re4 dxe4 38. Kxe3 exf3+ 39. Kxf3 Re5 40. Rd1 Kd5 41. Nxb5+ Kc4 42. Nd6+ Kxc3 43. b5 Bc2 44. Rd2 Kxd2 45. Nc4+ Kc3 46. Nxe5 fxe5 47. b6 Kd4 0-1

[Event "OLSW 2324 SC Caissa Schwarzenbach - SK F"]
[Site "?"]
[Date "2023.11.19"]
[Round "3.3"]
[White "Syska, Albert"]
[Black "Englisch, Colya"]
[Result "1/2-1/2"]
[WhiteElo "2160"]
[BlackElo "2152"]
[PlyCount "200"]
[EventDate "2023.??.??"]

1. e4 d6 2. d4 Nf6 3. Nc3 g6 4. Nf3 Bg7 5. h3 O-O 6. Be3 c6 7. a4 Nbd7 8. e5 dxe5 9. dxe5 Nd5 10. Nxd5 cxd5 11. Bf4 Nc5 12. Be2 Ne6 13. Bg3 Qb6 14. b3 Rd8 15. O-O Bd7 16. Qxd5 Bxa4 17. Qc4 Bc6 18. Qh4 Qc5 19. Qc4 Bd5 20. Qxc5 Nxc5 21. Rfe1 a6 22. Bf4 Ne6 23. Be3 Bxf3 24. Bxf3 Bxe5 25. Rad1 Rxd1 26. Rxd1 Rd8 27. Rxd8+ Nxd8 28. Bb6 Nc6 29. c4 Bd6 30. c5 Be5 31. Kf1 Kg7 32. Ke1 Bc3+ 33. Kd1 e6 34. g4 Kf6 35. Bg2 Ke5 36. Kc2 Be1 37. Kd3 Bxf2 38. Bc7+ Kf6 39. Kc4 Ke7 40. b4 Kd7 41. Bh2 b6 42. cxb6 Bxb6 43. b5 Na5+ 44. Kb4 axb5 45. Kxb5 Bd8 46. Be5 Kc8 47. Bc3 Nb7 48. Kc6 Be7 49. Bf1 Nd8+ 50. Kb6 Bh4 51. Ba6+ Kd7 52. Bb5+ Kd6 53. Bb4+ Ke5 54. Kc7 f5 55. Kd7 fxg4 56. hxg4 Kf4 57. Be2 e5 58. Bd2+ Ke4 59. Ba5 Nf7 60. Ke8 Ng5 61. Kf8 Ne6+ 62. Kg8 h6 63. Bd1 Bg5 64. Kh7 Nf4 65. Bc2+ Kf3 66. Bd1+ Kg3 67. Bc7 e4 68. Bb6 Nd5 69. Bd4 Ne7 70. Bg7 Nd5 71. Kxg6 Ne3 72. Be2 Nxg4 73. Kf5 Nf2 74. Be5+ Kg2 75. Bd4 e3 76. Be5 Nh1 77. Ke4 Nf2+ 78. Kf5 Nh3 79. Bb5 Kf3 80. Bc6+ Kf2 81. Bd4 Kg3 82. Bb5 Kf3 83. Bc6+ Ke2 84. Bb5+ Kd2 85. Kg4 Ng1 86. Kh5 Nh3 87. Kg4 Ng1 88. Kh5 Nf3 89. Bg7 Ne1 90. Bf1 Nf3 91. Bxh6 Bxh6 92. Kxh6 Ke1 93. Ba6 Kd2 94. Kh5 Ne5 95. Bf1 Nf3 96. Ba6 Ne1 97. Bf1 Nc2 98. Kg5 Nd4 99. Kf4 e2 100. Bxe2 Nxe2+ 1/2-1/2

[Event "OLSW 2324 SC Caissa Schwarzenbach - SK F"]
[Site "?"]
[Date "2023.11.19"]
[Round "3.4"]
[White "Tabatt, Hendrik"]
[Black "Geyer, Bernhard"]
[Result "1-0"]
[WhiteElo "2308"]
[BlackElo "2134"]
[PlyCount "85"]
[EventDate "2023.??.??"]

1. d4 d5 2. c4 c6 3. Nf3 Nf6 4. Qc2 e6 5. Bg5 Be7 6. Nbd2 b6 7. e3 Bb7 8. Bd3 h6 9. Bh4 Nbd7 10. O-O O-O 11. Rac1 Rc8 12. e4 dxe4 13. Nxe4 Nxe4 14. Bxe7 Qxe7 15. Bxe4 Nf6 16. c5 Rfd8 17. Rfe1 Nxe4 18. Qxe4 Rd5 19. b4 Rcd8 20. h4 b5 21. Qf4 Qf6 22. Qc7 R5d7 23. Qg3 Rd5 24. Re4 Kh7 25. Rg4 g6 26. Re1 Qg7 27. Rf4 Re8 28. Ne5 f5 29. Nf3 Qf6 30. Re5 Bc8 31. Rxd5 exd5 32. Ne5 g5 33. Rf3 f4 34. hxg5 hxg5 35. Qh2+ Kg7 36. g4 Rh8 37. Rh3 Rh4 38. Rxh4 gxh4 39. Qh3 Qg5 40. Kh2 Qh6 41. Qa3 Kf8 42. Qxa7 f3 43. Qf7# 1-0

[Event "OLSW 2324 SC Caissa Schwarzenbach - SK F"]
[Site "?"]
[Date "2023.11.19"]
[Round "3.5"]
[White "Muths, Lukas"]
[Black "Forthoffer, Patrick"]
[Result "0-1"]
[WhiteElo "1905"]
[BlackElo "2100"]
[PlyCount "46"]
[EventDate "2023.??.??"]

1. Nf3 d5 2. b3 c5 3. Bb2 f6 4. e3 e5 5. Nxe5 fxe5 6. Qh5+ Ke7 7. Qxe5+ Be6 8. f4 Nc6 9. Qg5+ Kf7 10. Qh5+ g6 11. Qf3 Bg7 12. Bxg7 Kxg7 13. Nc3 Nf6 14. h3 d4 15. exd4 cxd4 16. Ne4 Nxe4 17. Qxe4 Bd5 18. Qd3 Re8+ 19. Kd1 Qe7 20. Be2 Be4 21. Qb5 Bxc2+ 22. Kxc2 d3+ 23. Kxd3 Qxe2+ 0-1

[Event "OLSW 2324 SC Caissa Schwarzenbach - SK F"]
[Site "?"]
[Date "2023.11.19"]
[Round "3.6"]
[White "Backens, Johannes"]
[Black "Kargoll, Peter"]
[Result "1/2-1/2"]
[WhiteElo "1929"]
[BlackElo "2122"]
[PlyCount "54"]
[EventDate "2023.??.??"]

1. e4 e6 2. d4 d5 3. Nc3 Nf6 4. Bg5 dxe4 5. Nxe4 Be7 6. Bxf6 Bxf6 7. Nf3 O-O 8. c3 Nd7 9. Bb5 c6 10. Ba4 e5 11. O-O exd4 12. Nxd4 Nb6 13. Nxf6+ Qxf6 14. Bc2 Nd5 15. Qd3 g6 16. Rfe1 Bd7 17. Qg3 Rae8 18. Be4 Nf4 19. Nf3 Re7 20. Nd4 Rfe8 21. f3 c5 22. Ne2 Nxe2+ 23. Rxe2 Bf5 24. Rae1 Kg7 25. Qf2 Bxe4 26. Rxe4 Rxe4 27. Rxe4 Rxe4 1/2-1/2

[Event "OLSW 2324 SC Caissa Schwarzenbach - SK F"]
[Site "?"]
[Date "2023.11.19"]
[Round "3.7"]
[White "Louis, Volker"]
[Black "Becker, Joerg"]
[Result "1/2-1/2"]
[WhiteElo "2071"]
[BlackElo "2101"]
[PlyCount "45"]
[EventDate "2023.??.??"]

1. d4 d5 2. c4 c6 3. Nc3 Nf6 4. Nf3 Bf5 5. g3 e6 6. Bg2 Be7 7. O-O O-O 8. Nd2 Nbd7 9. e4 dxe4 10. Ndxe4 Nxe4 11. Nxe4 Nf6 12. Nc3 Qd7 13. Be3 Rfd8 14. h3 Rac8 15. Qb3 Rb8 16. a4 a5 17. Rad1 Bb4 18. Na2 b5 19. Bf4 bxc4 20. Qxc4 Rb6 21. Nxb4 Rxb4 22. Qc5 Nd5 23. Qxa5 1/2-1/2

[Event "OLSW 2324 SF Heidesheim - SV Koblenz II"]
[Site "?"]
[Date "2023.11.19"]
[Round "3.1"]
[White "Petersen, Henrik"]
[Black "Perske, Thore"]
[Result "0-1"]
[WhiteElo "2115"]
[BlackElo "2448"]
[PlyCount "50"]
[EventDate "2023.??.??"]

1. e4 c5 2. Nf3 Nc6 3. d4 cxd4 4. Nxd4 Nf6 5. Nc3 d6 6. h3 g6 7. Bc4 Bg7 8. O-O O-O 9. Re1 Bd7 10. Be3 a6 11. Bb3 Na5 12. Qd3 Rc8 13. Nd5 e5 14. Ne2 Nxb3 15. Nxf6+ Qxf6 16. axb3 d5 17. Nc3 d4 18. Nd5 Qh4 19. g3 Qd8 20. Bd2 Bb5 21. Qf3 Rxc2 22. Ba5 Qd7 23. Rac1 Rxc1 24. Rxc1 Bc6 25. Bb4 Re8 0-1

[Event "OLSW 2324 SF Heidesheim - SV Koblenz II"]
[Site "?"]
[Date "2023.11.19"]
[Round "3.2"]
[White "Wilhelm, Till"]
[Black "Bohn, Thomas"]
[Result "1/2-1/2"]
[WhiteElo "2405"]
[BlackElo "2311"]
[PlyCount "56"]
[EventDate "2023.??.??"]

1. d4 e6 2. c4 f5 3. Nf3 Nf6 4. g3 Be7 5. Bg2 O-O 6. O-O d6 7. b3 Qe8 8. Bb2 a5 9. Nc3 Na6 10. a3 c6 11. b4 Bd7 12. Qb3 axb4 13. axb4 Nc7 14. Rxa8 Qxa8 15. Ra1 Qb8 16. Qc2 Be8 17. e4 fxe4 18. Nxe4 Bg6 19. Nxf6+ Bxf6 20. Qb3 d5 21. Re1 Be4 22. Ne5 Bxe5 23. Bxe4 Bf6 24. Bg2 Kh8 25. Bh3 Re8 26. Bg4 Qd8 27. c5 g6 28. Qe3 Qd7 1/2-1/2

[Event "OLSW 2324 SF Heidesheim - SV Koblenz II"]
[Site "?"]
[Date "2023.11.19"]
[Round "3.3"]
[White "Stahnecker, Ludwig"]
[Black "Foerster, Erik"]
[Result "1/2-1/2"]
[WhiteElo "2177"]
[BlackElo "2150"]
[PlyCount "83"]
[EventDate "2023.??.??"]

1. e4 e6 2. d4 d5 3. Nc3 Nf6 4. Bg5 dxe4 5. Nxe4 Be7 6. Bxf6 gxf6 7. Nf3 f5 8. Ng3 h5 9. h4 Nd7 10. Qd2 a6 11. O-O-O Nf6 12. Bc4 b5 13. Bb3 Bb7 14. Ne5 Nd5 15. Rhe1 Bxh4 16. Nxf5 Bg5 17. Ne3 Qe7 18. g3 Nxe3 19. fxe3 O-O-O 20. Qc3 Qe8 21. Kb1 Rg8 22. Rf1 Rg7 23. Rde1 Kb8 24. Nd3 Be7 25. Nf4 Rxg3 26. Nxh5 Rh3 27. Nf4 Rh2 28. Nd3 Bh4 29. Rd1 Bg2 30. Rg1 Bf3 31. Rc1 Qc6 32. Ne5 Qxc3 33. bxc3 Be4 34. Nxf7 Re8 35. Ng5 Bxg5 36. Rxg5 Re2 37. Re5 Rxe3 38. Kb2 Re2 39. Bxe6 Ka7 40. c4 Bd3 41. cxb5 Rxe5 42. dxe5 1/2-1/2

[Event "OLSW 2324 SF Heidesheim - SV Koblenz II"]
[Site "?"]
[Date "2023.11.19"]
[Round "3.4"]
[White "Perske, Paul"]
[Black "Berresheim, Helmut"]
[Result "1/2-1/2"]
[WhiteElo "2068"]
[BlackElo "2042"]
[PlyCount "57"]
[EventDate "2023.??.??"]

1. e4 c5 2. Nf3 a6 3. c4 Nc6 4. d4 cxd4 5. Nxd4 e5 6. Nf5 d5 7. cxd5 Bxf5 8. exf5 Nd4 9. Nc3 Nf6 10. Bg5 Be7 11. Bxf6 Bxf6 12. Bd3 Qd7 13. O-O O-O 14. Rc1 b5 15. Ne4 Rac8 16. Nxf6+ gxf6 17. Qg4+ Kh8 18. Qh4 Qd6 19. Rce1 Rg8 20. f4 Nc2 21. fxe5 Qb6+ 22. Qf2 Qxf2+ 23. Kxf2 Nxe1 24. Rxe1 fxe5 25. Rxe5 Rge8 26. Rxe8+ Rxe8 27. Kf3 Kg7 28. Kf4 f6 29. b3 1/2-1/2

[Event "OLSW 2324 SF Heidesheim - SV Koblenz II"]
[Site "?"]
[Date "2023.11.19"]
[Round "3.5"]
[White "Meyer, Mario"]
[Black "Enzmann, Steffen"]
[Result "0-1"]
[WhiteElo "2076"]
[BlackElo "2144"]
[PlyCount "70"]
[EventDate "2023.??.??"]

1. f4 c5 2. Nf3 Nc6 3. e3 d5 4. b3 Nf6 5. Bb2 e6 6. Be2 d4 7. exd4 cxd4 8. Bb5 Bc5 9. Ne5 Bd7 10. Nd3 Be7 11. Qe2 a6 12. Bxc6 Bxc6 13. Na3 b5 14. Ne5 Be4 15. Rc1 Rc8 16. O-O O-O 17. d3 Bb7 18. Nb1 Qb6 19. Nd2 Rfd8 20. Rf2 Rc7 21. h3 Rdc8 22. Ndf3 Bc5 23. a3 a5 24. Qd2 Nd5 25. Re2 Nc3 26. Rf2 Qd6 27. Ra1 Bb6 28. Ne1 f6 29. N5f3 e5 30. fxe5 fxe5 31. Qg5 Re8 32. Nh4 Qe7 33. Qg4 Bc8 34. Qg3 e4 35. Rf5 Ne2+ 0-1

[Event "OLSW 2324 SF Heidesheim - SV Koblenz II"]
[Site "?"]
[Date "2023.11.19"]
[Round "3.6"]
[White "Lantzsch, Christian"]
[Black "Suranyi, Pal"]
[Result "1-0"]
[WhiteElo "2164"]
[BlackElo "2008"]
[PlyCount "47"]
[EventDate "2023.??.??"]

1. d4 d5 2. Nf3 e6 3. Bf4 c5 4. e3 cxd4 5. exd4 Bd6 6. Bg3 Nf6 7. Nbd2 O-O 8. Bd3 Nc6 9. c3 b6 10. Ne5 Bb7 11. O-O Qc7 12. Re1 Rae8 13. Re3 Ne7 14. Qf3 Ng6 15. Rae1 a6 16. h4 Nd7 17. Qh5 Ndxe5 18. Bxe5 Bxe5 19. Rxe5 f5 20. Bxf5 Rf6 21. Bxe6+ Kh8 22. Bf5 Rxe5 23. dxe5 Rc6 24. e6 1-0

[Event "OLSW 2324 SF Heidesheim - SV Koblenz II"]
[Site "?"]
[Date "2023.11.19"]
[Round "3.7"]
[White "Marquardt, Christian"]
[Black "Haasler, Andreas"]
[Result "1-0"]
[WhiteElo "2023"]
[BlackElo "2222"]
[PlyCount "73"]
[EventDate "2023.??.??"]

1. d4 e6 2. g3 c5 3. Nf3 Nf6 4. Bg2 d5 5. c4 dxc4 6. Qa4+ Bd7 7. Qxc4 Nc6 8. O-O cxd4 9. Nxd4 Rc8 10. Nc3 Na5 11. Qd3 Bc5 12. Nc2 Qb6 13. Rb1 Nc4 14. b4 Be7 15. Rb3 O-O 16. Ne3 Ne5 17. Qb1 Nc6 18. Nc2 e5 19. Na4 Qc7 20. Rc3 Qb8 21. Nc5 Bf5 22. e4 Bg6 23. f3 Nxb4 24. Qxb4 Rxc5 25. Rxc5 b6 26. Be3 Nd7 27. Rc8 Qxc8 28. Qxe7 Nf6 29. Rf2 Qa6 30. a3 Re8 31. Qb4 Qc8 32. Rd2 h5 33. h4 Nh7 34. Bf1 Kh8 35. Qc4 Qb7 36. Qd5 Qc8 37. Qd7 1-0

[Event "OLSW 2324 SF Heidesheim - SC Caissa Schw"]
[Site "?"]
[Date "2023.12.03"]
[Round "4.1"]
[White "Chassard, Cedric"]
[Black "Wilhelm, Till"]
[Result "1/2-1/2"]
[WhiteElo "2246"]
[BlackElo "2405"]
[PlyCount "82"]
[EventDate "2023.??.??"]

1. e4 e5 2. Nf3 Nc6 3. Bb5 a6 4. Ba4 Nf6 5. O-O d6 6. Bxc6+ bxc6 7. d4 exd4 8. Qxd4 Be7 9. c4 O-O 10. Nc3 Bg4 11. Qd3 Bxf3 12. Qxf3 Nd7 13. b3 Bf6 14. Bb2 Re8 15. Rad1 Re6 16. Qe2 Qe7 17. Qc2 Re8 18. f3 Nf8 19. Ne2 Be5 20. Nd4 Bxd4+ 21. Bxd4 c5 22. Bc3 Ng6 23. Qd2 h5 24. Bb2 c6 25. Qc3 f6 26. Rf2 Rf8 27. Rfd2 Rf7 28. h3 Nf4 29. Qe3 Ng6 30. Qf2 f5 31. e5 dxe5 32. Rd8+ Kh7 33. Ba3 e4 34. fxe4 fxe4 35. Qxc5 Qh4 36. Bc1 Re5 37. Qe3 Qe7 38. Bb2 Re6 39. R8d4 Nf4 40. R1d2 Ng6 41. Re2 Rf4 1/2-1/2

[Event "OLSW 2324 SF Heidesheim - SC Caissa Schw"]
[Site "?"]
[Date "2023.12.03"]
[Round "4.2"]
[White "Hinrichs, Paul"]
[Black "Jeschke, Jan"]
[Result "1-0"]
[WhiteElo "2229"]
[BlackElo "2147"]
[PlyCount "65"]
[EventDate "2023.??.??"]

1. d4 Nf6 2. g3 g6 3. Bg2 Bg7 4. e4 d6 5. Ne2 c5 6. dxc5 Qa5+ 7. Nbc3 dxc5 8. Bd2 O-O 9. Nd5 Qd8 10. Bc3 Nxd5 11. exd5 Bg4 12. Bxg7 Kxg7 13. O-O Na6 14. Re1 Nc7 15. Qd2 Bxe2 16. Rxe2 Qd6 17. Rae1 Rfe8 18. c4 Rab8 19. Qc3+ Kg8 20. h4 h5 21. Bh3 b5 22. b3 bxc4 23. bxc4 Rb4 24. a3 Rb6 25. Re4 Rb7 26. Qe3 Na8 27. Be6 Kg7 28. Bxf7 Kxf7 29. Re6 Qb8 30. Qg5 Rb6 31. Qxg6+ Kf8 32. R1e3 Rxe6 33. dxe6 1-0